[Event "BCF-chT2a 1819 (4NCL)"]
[Site "England"]
[Date "2019.01.12"]
[Round "3.47"]
[White "Walsh, Marcus"]
[Black "Anilkumar, Anantha P"]
[Result "1-0"]
[WhiteElo "1990"]
[BlackElo "1862"]
[PlyCount "79"]
[EventDate "2018.11.10"]
[EventType "team-tourn"]
[EventRounds "11"]
[EventCountry "ENG"]
[SourceTitle "EXT 2021"]
[Source "ChessBase"]
[SourceDate "2020.10.23"]
[SourceVersion "1"]
[SourceVersionDate "2020.10.23"]
[SourceQuality "1"]
[WhiteTeam "The ADS"]
[BlackTeam "KJCA Kings"]
[WhiteTeamCountry "ENG"]
[BlackTeamCountry "ENG"]

1. e4 c5 2. d4 cxd4 3. c3 d3 4. Bxd3 Nc6 5. Nf3 d6 6. h3 g6 7. 0-0 Bg7 8. Be3 Nf6 9. c4 0-0 10. Nc3 Bd7 11. Rc1 Rc8 12. b3 Qa5 13. Bd2 Qd8 14. Qe2 Ne8 15. Rfe1 Nc7 16. Nd5 Ne6 17. Qe3 Ned4 18. Nxd4 Bxd4 19. Qh6 Bg7 20. Qe3 e6 21. Nc3 a6 22. Qg3 Qe7 23. Bf4 Be5 24. Bb1 Qf6 25. Bxe5 dxe5 26. Rcd1 Rfd8 27. Ne2 Be8 28. Qe3 Rxd1 29. Rxd1 Rd8 30. Nc3 Rd4 31. a3 Qe7 32. b4 Rxc4 33. Rd3 Nd4 34. Kh2 Rc8 35. f4 Nb5 36. f5 exf5 37. Nd5 Qh4 38. exf5 e4 39. g3 Qd8 40. f6 1-0

[Event "GBR-ch 104th"]
[Site "Llandudno"]
[Date "2017.08.03"]
[Round "6"]
[White "Taylor, William J"]
[Black "Anilkumar, Anantha P"]
[Result "1-0"]
[WhiteElo "2048"]
[BlackElo "1932"]
[PlyCount "55"]
[EventDate "2017.07.29"]
[EventType "swiss"]
[EventRounds "9"]
[EventCountry "WLS"]
[SourceTitle "CBM 179 Extra"]
[Source "ChessBase"]
[SourceDate "2017.08.23"]
[SourceVersion "1"]
[SourceVersionDate "2017.08.23"]
[SourceQuality "1"]

1. e4 c5 2. Nf3 d6 3. d4 cxd4 4. Nxd4 Nf6 5. Nc3 g6 6. Be3 a6 7. Qd2 Ng4 8. Bg5 h6 9. Bh4 Bg7 10. f3 Nf6 11. a4 b6 12. Be2 Bb7 13. 0-0 Nbd7 14. Nb3 0-0 15. Bf2 Rc8 16. Qe3 Qc7 17. Rad1 Rfd8 18. Rd2 Nc5 19. Rfd1 Nxb3 20. cxb3 Nd7 21. Bc4 Nc5 22. Qe2 Ra8 23. Rc2 Qd7 24. a5 Qc7 25. b4 b5 26. Bd5 Ne6 27. Bxe6 fxe6 28. Nxb5 1-0

[Event "BCF-ch Week1 PM op"]
[Site "Coventry"]
[Date "2015.07.30"]
[Round "4"]
[White "Anilkumar, Anantha P"]
[Black "Brown, Geoffrey M"]
[Result "1-0"]
[WhiteElo "1838"]
[BlackElo "1726"]
[PlyCount "59"]
[EventDate "2015.07.27"]
[EventType "swiss"]
[EventRounds "5"]
[EventCountry "ENG"]
[SourceTitle "EXT 2016"]
[Source "ChessBase"]
[SourceDate "2015.10.08"]
[SourceVersion "1"]
[SourceVersionDate "2015.10.08"]
[SourceQuality "1"]

1. d4 e6 2. c4 f5 3. Nc3 Nf6 4. Nf3 b6 5. g3 Bb7 6. Bg2 Bb4 7. 0-0 Bxc3 8. bxc3 0-0 9. Bg5 Qe8 10. Bxf6 Rxf6 11. e3 d6 12. Re1 Nd7 13. Qe2 e5 14. Nxe5 Bxg2 15. Nxd7 Qxd7 16. Kxg2 g5 17. f4 g4 18. e4 Re8 19. e5 Rh6 20. Rh1 dxe5 21. fxe5 f4 22. gxf4 Rh3 23. Qe4 Rf8 24. e6 Qe7 25. f5 h5 26. Raf1 Rxc3 27. f6 Rxf6 28. Rxf6 Qxf6 29. Rf1 Qh6 30. e7 1-0

[Event "BCF-chT3S 1415 (4NCL)"]
[Site "England"]
[Date "2015.01.11"]
[Round "4.159"]
[White "Anilkumar, Anantha P"]
[Black "Faulks, Nick"]
[Result "1/2-1/2"]
[WhiteElo "1881"]
[BlackElo "2075"]
[PlyCount "135"]
[EventDate "2014.11.15"]
[EventType "team-swiss"]
[EventRounds "6"]
[EventCountry "ENG"]
[SourceTitle "EXT 2016"]
[Source "ChessBase"]
[SourceDate "2015.10.08"]
[SourceVersion "1"]
[SourceVersionDate "2015.10.08"]
[SourceQuality "1"]
[WhiteTeam "KJCA Knights"]
[BlackTeam "Surbiton"]
[WhiteTeamCountry "ENG"]
[BlackTeamCountry "ENG"]

1. e4 c5 2. Nf3 e6 3. d4 cxd4 4. Nxd4 a6 5. Bd3 Bc5 6. Nb3 Be7 7. 0-0 d6 8. Qe2 Qc7 9. f4 Nd7 10. Be3 h5 11. Nd4 Ngf6 12. h3 Nc5 13. Nd2 b5 14. b4 Na4 15. Qf3 Bb7 16. Qg3 h4 17. Qf2 Nc3 18. Qf3 Rc8 19. Ne2 d5 20. Nxc3 Qxc3 21. e5 Ne4 22. Nxe4 dxe4 23. Bxe4 Bxe4 24. Qxe4 0-0 25. a3 Rfd8 26. Bb6 Rd5 27. Rad1 Rc4 28. Qe3 Qxe3+ 29. Bxe3 Rc3 30. Rxd5 exd5 31. Bb6 Rxa3 32. Ba5 Rc3 33. Rd1 Rc4 34. Rxd5 Rxf4 35. c3 Rc4 36. Rd3 Bg5 37. Bb6 Re4 38. Bd8 Rxe5 39. Bxg5 Rxg5 40. Rd8+ Kh7 41. Rd6 Rg6 42. Rd4 Rh6 43. Rd7 Rf6 44. Rd5 Kh6 45. Rd4 g5 46. c4 bxc4 47. Rxc4 Kg6 48. Rc5 Rb6 49. Kf2 f6 50. Ra5 Kf7 51. Kf3 Ke7 52. Ke3 Kd7 53. Kd3 Kc7 54. Ke4 Kc6 55. Rf5 Kd7 56. Ra5 Ke6 57. Kd3 Kf7 58. Ke3 Kg6 59. Kf3 Kg7 60. Kf2 Kf8 61. Kf3 Ke8 62. Ke3 Kd8 63. Kd3 Kc8 64. Kc3 Kb7 65. Rf5 Rd6 66. Rf2 Rc6+ 67. Kd3 Kb6 68. Rf5 1/2-1/2